| 000 -LEADER |
| fixed length control field |
00533nam a22001697a 4500 |
| 008 - FIXED-LENGTH DATA ELEMENTS--GENERAL INFORMATION |
| fixed length control field |
150520b xxu||||| |||| 00| 0 eng d |
| 020 ## - INTERNATIONAL STANDARD BOOK NUMBER |
| International Standard Book Number |
|a 9789951460026 |
| 041 0# - LANGUAGE CODE |
| Language code of text/sound track or separate title |
alb |
| 080 ## - UNIVERSAL DECIMAL CLASSIFICATION NUMBER |
| Universal Decimal Classification number |
641 |
| 100 ## - Rafti |
| Rafti |
Froleke, Hartmut |
| 245 00 - TITLE STATEMENT |
| Title |
Tabela e vlerave ushqyese e Asociacionit Gjerman për të ushqyerit |
| Statement of responsibility, etc |
Hartmut Fröleke ; [shqipërues Adnan Emini, Mirushe Emini]. |
| 250 ## - |
| -- |
Botimi parë |
| 260 ## - |
| -- |
Dragash |
| -- |
Prishtinë |
| -- |
Ferizaj |
| -- |
Alb-Med |
| -- |
2007 |
| 300 ## - |
| -- |
102 f |
| -- |
15 cm |
| 650 ## - |
| -- |
Ushqimi |
| -- |
Cilësia |
| 942 ## - ADDED ENTRY ELEMENTS (KOHA) |
| Source of classification or shelving scheme |
|
| Item type |
Books |